The new dance called electricity (Record no. 74204)

MARC details
000 -LEADER
fixed length control field 01090cab a2200229 4500
001 - CONTROL NUMBER
control field ABS67560
008 - FIXED-LENGTH DATA ELEMENTS--GENERAL INFORMATION
fixed length control field 040302n2004 000 0 eng u
035 ## - SYSTEM CONTROL NUMBER
System control number (Sirsi) u125284
100 ## - MAIN ENTRY--PERSONAL NAME
Personal name Priestley, R.
245 #4 - TITLE STATEMENT
Title The new dance called electricity
260 ## - PUBLICATION, DISTRIBUTION, ETC.
Date of publication, distribution, etc. 2004
490 ## - SERIES STATEMENT
Series statement Journal of the Law Society of Scotland
Volume/sequential designation (49) January 2004, 51(1)
520 ## - SUMMARY, ETC.
Summary, etc. Argues that the Crofting acts need to be simplified to allow landlords and tenants to benefit from wind farming payouts. The Crofters (Scotland) Act 1993 fails crofters in a number of ways with regard to wind farming. Firstly, that there are crofters complicates any already complex negotiations which means more time and more risk. Secondly, it is not clear if crofters can contract out of their own protections. The Western Isles have been endorsed by Energy Ministers as a suitable location for renewable energy production.
590 ## - LOCAL NOTE (RLIN)
Local note ABS
650 ## - SUBJECT ADDED ENTRY--TOPICAL TERM
Topical term or geographic name entry element CROFTING
650 ## - SUBJECT ADDED ENTRY--TOPICAL TERM
Topical term or geographic name entry element RENEWABLE ENERGY
650 ## - SUBJECT ADDED ENTRY--TOPICAL TERM
Topical term or geographic name entry element SCOTLAND
650 ## - SUBJECT ADDED ENTRY--TOPICAL TERM
Topical term or geographic name entry element WIND FARMING
650 ## - SUBJECT ADDED ENTRY--TOPICAL TERM
Topical term or geographic name entry element WIND FARMS
690 ## - LOCAL SUBJECT ADDED ENTRY--TOPICAL TERM (OCLC, RLIN)
Topical term or geographic name as entry element Rural
9 (RLIN) 6268
942 ## - ADDED ENTRY ELEMENTS (KOHA)
Suppress in OPAC 0
Holdings
Withdrawn status Lost status Source of classification or shelving scheme Damaged status Not for loan Home library Current library Shelving location Date acquired Total Checkouts Full call number Barcode Date last seen Copy number Price effective from Koha item type
    Dewey Decimal Classification     London London Journal article 02/03/2004   ABS67560 125284-1001 06/08/2019 1 06/08/2019 Journal article